000
00300nam a22001457a 4500
003
SGT
020
_a
9780750672283
082
_a
611
_b
B02K
100
_a
KIRSHNER, HOWARD S.
245
_a
BEHAVIORAL NEUROLOGY
250
_a
2ND
260
_b
BUTTERWORTH
_c
2002
300
_a
475
942
_2
ddc
_c
BK
999
_c
16201
_d
16201